| 000 | 00674nam a22001817a 4500 | ||
|---|---|---|---|
| 005 | 20260219143223.0 | ||
| 008 | 260219b |||||||| |||| 00| 0 eng d | ||
| 020 | _a9789387791039 | ||
| 040 | _cVITAP | ||
| 082 |
_223 _a070.44 THG |
||
| 100 |
_aTHG Publishing Pvt Ltd. _917162 |
||
| 245 |
_aK.A. Nilakanta Sastri _b: Writings in The Hindu _c/ THG Publishing Pvt Ltd. |
||
| 260 |
_aChennai _bTHG Publishing Pvt Ltd. _c2024 |
||
| 300 | _a224p, ill.: 21cm | ||
| 500 | _aIt include index pages | ||
| 650 | 0 |
_aSouth Indian History, Chola Administration & Culture, Ancient Indian Civilization,Historiography, Religion & Society, Art & Architecture etc. _917163 |
|
| 942 |
_2ddc _cREF |
||
| 999 |
_c47310 _d47310 |
||